000 00896nam a2200229 a 4500
005 20251104063907.0
008 190118s2012 mx r 000 0 spa d
020 _a9786074006186
035 _aUPN01000228471
049 _aCG
050 4 _aBF145
_bC5.6
245 0 0 _a50 grandes mitos de la psicología popular :
_bconfusiones generalizadas e ideas erróneas sobre el comportamiento humano /
_cScott O. Lilienfeld ... [et al.] ; tr. Enrique Mercado.
260 _aMéxico :
_bOcéano de México,
_c2012.
300 _a331 p. :
_bil.
534 _pTítulo original:
_t50 great myths of popular psychology : shattering widespread misconceptions about human behavior
650 4 _aPSICOLOGIA -
_xTRABAJOS POPULARES
_927368
650 4 _aConducta (Psicología)
_94460
650 2 _aEnfermedades mentales
_912828
700 1 _aLilienfeld, Scott O.,
_ecoaut.
905 _aLibro
999 _c200566
_d200566